000 00234 a2200097 4500
001 13358
100 _aCarlyle, M
245 _adocumente on international affairs
260 _aLondon
_bOxford university press
_c
090 _c10374
_d10374
942 _aNUST-CAE
_cM
_c419
999 _c248431
_d248431